Dr Mahathir Mohamad and the Chinese Muslims : (Record no. 38)

000 -LEADER
fixed length control field nam a22 a 4500
003 - CONTROL NUMBER IDENTIFIER
control field AKMAL
005 - DATE AND TIME OF LATEST TRANSACTION
control field 20170413123708.0
008 - FIXED-LENGTH DATA ELEMENTS--GENERAL INFORMATION
fixed length control field s2013 my ao e b 000 0 eng d
020 ## - INTERNATIONAL STANDARD BOOK NUMBER
International Standard Book Number 9789675068812
Qualifying information hardback
040 ## - CATALOGING SOURCE
Original cataloging agency AKMAL
090 00 - LOCALLY ASSIGNED LC-TYPE CALL NUMBER (OCLC); LOCAL CALL NUMBER (RLIN)
Classification number (OCLC) (R) ; Classification number, CALL (RLIN) (NR) 343.595056
Local cutter number (OCLC) ; Book number/undivided call number, CALL (RLIN) MAL
100 1# - MAIN ENTRY--PERSONAL NAME
Personal name Liu, Yusuf Baojun,
Relator term author.
9 (RLIN) 129
245 10 - TITLE STATEMENT
Title Dr Mahathir Mohamad and the Chinese Muslims :
Remainder of title His Ideology, Passion and Wisdom for National Development And World Peace : Memory of Two Time Visit on Chinese muslims /
Statement of responsibility, etc. by Yusuf Liu Baojun
264 #1 - PRODUCTION, PUBLICATION, DISTRIBUTION, MANUFACTURE, AND COPYRIGHT NOTICE
Place of production, publication, distribution, manufacture Kuala Lumpur :
Name of producer, publisher, distributor, manufacturer SABA ISLAMIC MEDIA,
Date of production, publication, distribution, manufacture, or copyright notice 2013
300 ## - PHYSICAL DESCRIPTION
Extent 176 pages :
Other physical details illustrations, colour photographs ;
Dimensions 24 cm
504 ## - BIBLIOGRAPHY, ETC. NOTE
Bibliography, etc. note Includes bibliographical references
546 ## - LANGUAGE NOTE
Language note Parallel text in English and Chinese
599 ## - LOCAL NOTE
Local Note DALAM PROSES
600 00 - SUBJECT ADDED ENTRY--PERSONAL NAME
Personal name Mahathir bin Mohamad,
Dates associated with a name 1925-
9 (RLIN) 130
650 10 - SUBJECT ADDED ENTRY--TOPICAL TERM
Topical term or geographic name entry element Islam and politics
Geographic subdivision Malaysia
9 (RLIN) 131
651 #0 - SUBJECT ADDED ENTRY--GEOGRAPHIC NAME
Geographic name Malaysia
General subdivision Politics and government
Chronological subdivision 20th century
9 (RLIN) 132
651 #0 - SUBJECT ADDED ENTRY--GEOGRAPHIC NAME
Geographic name Malaysia
General subdivision Foreign relations
Geographic subdivision China
9 (RLIN) 133
651 #0 - SUBJECT ADDED ENTRY--GEOGRAPHIC NAME
Geographic name China
General subdivision Foreign relations
Geographic subdivision Malaysia
9 (RLIN) 134
942 ## - ADDED ENTRY ELEMENTS (KOHA)
Source of classification or shelving scheme
Koha item type Book
Holdings
Withdrawn status Lost status Source of classification or shelving scheme Damaged status Not for loan Collection code Home library Current library Shelving location Date acquired Inventory number Total Checkouts Full call number Barcode Date last seen Price effective from Koha item type
          NON-FICTION AKMAL Melaka AKMAL Melaka PINJAMAN 13.04.2017 306427   343.595056 MAL 201700070 13.04.2017 13.04.2017 Book
          NON-FICTION AKMAL Melaka AKMAL Melaka PINJAMAN 13.04.2017 307008   343.595056 MAL 201705903 26.05.2017 13.04.2017 Book
Pusat Sumber Maklumat Dato' Haji Sarmin Md Hussin, Akademi Kastam Diraja Malaysia, Melaka
Tel: 06-2331106 | Faks: 06-2313787